000 01008npm a2200241 i 4500
001 5259
003 ES-MaACL
005 20250804063336.0
007 hzrazu bucu
008 900426r19901601sp a 00000 spa d
080 _a9(46:492/93)"15"
080 _a9(492/93)"15"
100 0 _aDelrío, Martín Antonio,
_d1551-1608
_943593
245 1 0 _aComentarios de las alteraciones de los Estados de Flandes, sucedidas despues de la llegada del señor Don Iuan de Austria...
_b: [Microforma] /
_cCompuestos en latin por Rolando Natin Miriteo y traduzidos... por Rodrigo de Medina y Marzilla.
260 _aMadrid :
_bAteneo Cientifico, Literario y Artistico,
_c1990.
300 _a1 carrete de microfilme :
_bnegativo ;
_c16 mm.
500 _aPublicado originalmente: Madrid, Pedro de Madrigal, 1601.
650 1 4 _aObras anteriores a 1800.
_915661
700 1 _aMedina y Marzilla, Rodrigo de.
_979759
852 _aES-MaACL
_jMC-387
_95376
942 _2udc
_cMICROFORMA
999 _c5259
_d5259